SI接頭語10^-24~10^24まで - Statistics

General Stats
  • This quiz has been taken 204 times
  • The average score is 15 of 20
Answer Stats
乗数 名称 記号 % Correct
10^3 キロ k
99%
10^6 メガ M
99%
10^9 ギガ G
99%
10^12 テラ T
99%
10^-1 デシ d
94%
10^-3 ミリ m
94%
10^-9 ナノ n
94%
10^2 ヘクト h
92%
10^-2 センチ c
92%
10^-6 マイクロ μ
92%
10^15 ペタ P
88%
10^-12 ピコ p
84%
10^1 デカ da
71%
10^24 ヨタ Y
66%
10^21 ゼタ Z
65%
10^18 エクサ E
56%
10^-15 フェムト f
52%
10^-18 アト a
39%
10^-24 ヨクト y
37%
10^-21 ゼプト z
18%
No matching quizzes found
Score Distribution
Percent of People with Each Score
Percentile by Number Answered
Your Score History
You have not taken this quiz